Joueurs de l'OGC Nice (2015-2025) - Statistiques

Statistiques générales
  • Ce quiz a été pris 526 fois
    95 depuis la dernière actualisation
  • Le résultat moyen est 49 sur 139
Statistiques - réponses
Nombre de matchs de Ligue 1 Joueurs % Correct
260 Dante
100%
122 Melvin Bard
82%
71 Marcin Bulka
80%
115 Jean-Clair Todibo
78%
167 Walter Benitez
78%
61 Mario Balotelli
73%
35 Morgan Sanson
73%
95 Gaëtan Laborde
72%
28 Jonathan Clauss
72%
18 Alexandre Mendy
70%
39 Antoine Mendy
70%
52 Nampalys Mendy
70%
148 Hicham Boudaoui
68%
101 Youcef Atal
68%
79 Alassane Pléa
67%
90 Evann Guessand
67%
60 Sofiane Diop
67%
75 Yoan Cardinale
67%
34 Hatem Ben Arfa
65%
126 Pablo Rosario
65%
51 Terem Moffi
63%
94 Wylan Cyprien
63%
77 Vincent Koziello
62%
141 Khephren Thuram
60%
75 Amine Gouiri
58%
103 Jean-Michaël Seri
58%
49 Jérémie Boga
58%
44 Mohamed-Ali Cho
58%
46 Andy Delort
57%
74 Kasper Dolberg
55%
64 Allan Saint-Maximin
53%
35 Tom Louchet
52%
25 Ali Abdi
50%
123 Jordan Lotomba
50%
27 Moïse Bombito
50%
119 Pierre Lees-Melou
47%
18 Tanguy Ndombélé
47%
20 William Saliba
45%
56 Youssouf Ndayishimiye
45%
52 Badredine Bouanani
43%
102 Malang Sarr
43%
9 Mattia Viti
42%
65 Maxime Le Marchand
42%
50 Ricardo Pereira
42%
27 Ross Barkley
42%
38 Valère Germain
42%
11 Youssoufa Moukoko
42%
41 Billal Brahimi
40%
27 Justin Kluivert
40%
36 Kasper Schmeichel
40%
1 Albert Rafetraniaina
38%
82 Alexis Claude-Maurice
38%
33 Dalbert
38%
12 Mohamed Abdelmonem
38%
52 Paul Baysse
38%
27 Aaron Ramsey
37%
5 Wesley Sneijder
37%
28 Calvin Stengs
35%
48 Morgan Schneiderlin
35%
20 Romain Perraud
35%
29 Christophe Jallet
33%
5 Gautier Lloris
33%
14 Mouez Hassen
33%
55 Arnaud Souquet
32%
56 Bassem Srarfi
32%
1 Daouda Traoré
32%
12 Mahamane Traoré
32%
46 Mario Lemina
32%
14 Alexis Beka Beka
30%
26 Olivier Boscagli
30%
27 Racine Coly
30%
15 Robson Bambu
30%
28 Rony Lopes
30%
71 Adrien Tameze
28%
49 Flavius Daniliuc
28%
27 Mickaël Le Bihan
28%
19 Nicolas Pépé
28%
6 Rares Ilie
28%
31 Younès Belhanda
28%
16 Adam Ounas
27%
25 Arnaud Lusamba
27%
13 Baptiste Santamaria
27%
43 Danilo Barbosa
27%
47 Hassane Kamara
27%
33 Jérémy Pied
27%
62 Rémi Walter
27%
35 Stanley Nsoki
27%
48 Christophe Hérelle
25%
31 Dan Ndoye
25%
4 Issiaga Camara
25%
52 Myziane Maolida
25%
55 Patrick Burner
25%
33 Andy Pelmard
23%
24 Ihsan Sacko
23%
6 Joe Bryan
23%
8 Jordan Amavi
23%
7 Aliou Baldé
22%
2 Amidou Doumbouya
22%
52 Ignatius Ganago
22%
31 Mathieu Bodmer
22%
1 Simon Pouplin
22%
5 Alexis Trouillet
20%
7 Ayoub Amraoui
20%
14 Jeff Reine-Adélaïde
20%
15 Niklas Hult
20%
31 Valentin Eysseric
20%
4 Victor Orakpo
20%
8 Vincent Marcel
20%
18 Anastasios Donis
18%
10 Lucas Da Cunha
18%
23 Marlon Santos
17%
4 Riza Durmisi
17%
3 Valentin Rosier
17%
2 Yannis Clémentia
17%
5 Reda Belahyane
15%
9 Saïd Benrahma
15%
6 Hicham Mahou
13%
30 Jean-Victor Makengo
13%
5 Moussa Wagué
13%
2 Ibrahim Cissé
12%
6 Lamine Diaby-Fadiga
12%
4 Malik Sellouki
12%
2 Maxime Pélican
12%
14 Romain Genevois
12%
3 Yaël Nandjou
12%
1 Bernard Nguene
10%
10 Eddy Sylvestre
10%
6 Franck Honorat
10%
3 Kévin Gomis
10%
1 Salim Ben Seghir
10%
4 Stéphan Raheriharimanana
10%
17 Wallyson Mallmann
10%
1 Pedro Brazão
8%
1 Andréa Dacourt
7%
3 Assil Jaziri
7%
7 Dorian Caddy
7%
6 Mounir Obbadi
7%
1 Théo Trinker
3%
4 Jonathan Correia
2%
Aucun quiz correspondant
Distribution des résultats
% des personnes avec chaque résultat
Percentile par nombre de réponses
Votre historique - résultats
Vous n’avez pas pris ce quiz depuis la dernière actualisation